| 000 | 00356nam a2200145Ia 4500 | ||
|---|---|---|---|
| 005 | 20251222152021.0 | ||
| 008 | 251222s9999||||xx |||||||||||||| ||spa|| | ||
| 020 | _a9788448151683 | ||
| 082 | _a581.35/A97 | ||
| 100 | _aAzcén-Bieto, Joaquén | ||
| 245 | 0 | _aFundamentos de fisiologéa vegetal | |
| 250 | _a2a.ed. | ||
| 264 | _bMcGRAW-HILL | ||
| 942 | _cLIB | ||
| 999 |
_c25276 _d25276 |
||